00402nam a2200145Ia 4500082001600000100002800016245003900044260005400083300001000137440004300147650001900190650002500209650000900234650001300243 a294.4 DIG-; aDige, Arhat Das Bandoba 0aJain yoga ka aalochnatmak adhyayan aAmritsarbSohanlal Jaindharm Prachak Samitic1981 a245p. aPashrvanath Vidyashram Granthamala; 23 aYoga (Jainism) aJainism - Philosophy aYoga aReligion